日本の市(北海道・東北地方) - Statistics

General Stats
  • This quiz has been taken 182 times
  • The average score is 81 of 112
Answer Stats
Hint Answer 人口 % Correct
宮城県 仙台市 1,096,704
99%
福島県 いわき市 332,931
99%
福島県 福島市 282,693
99%
北海道 札幌市 1,973,395
98%
岩手県 盛岡市 289,731
98%
秋田県 秋田市 307,672
97%
青森県 青森市 275,192
97%
北海道 旭川市 329,306
95%
山形県 山形市 247,590
95%
北海道 函館市 251,084
94%
福島県 郡山市 327,692
93%
青森県 八戸市 223,415
93%
北海道 釧路市 165,077
93%
青森県 弘前市 168,466
92%
北海道 帯広市 166,536
92%
宮城県 石巻市 140,151
92%
北海道 苫小牧市 170,113
88%
福島県 会津若松市 117,376
87%
北海道 根室市 24,636
87%
山形県 鶴岡市 122,347
86%
岩手県 花巻市 93,193
86%
北海道 稚内市 33,563
86%
岩手県 一関市 111,932
85%
山形県 酒田市 100,273
85%
北海道 千歳市 97,950
85%
北海道 室蘭市 82,383
84%
山形県 米沢市 81,252
84%
北海道 小樽市 111,299
83%
岩手県 奥州市 112,937
82%
岩手県 北上市 93,045
82%
北海道 北見市 115,480
81%
山形県 天童市 62,140
81%
宮城県 気仙沼市 61,147
81%
秋田県 横手市 85,555
80%
秋田県 由利本荘市 74,707
80%
北海道 北広島市 58,171
80%
青森県 むつ市 54,103
79%
宮城県 大崎市 127,330
78%
北海道 石狩市 56,869
78%
北海道 江別市 121,056
77%
宮城県 名取市 78,718
76%
秋田県 大仙市 77,657
76%
福島県 伊達市 58,240
76%
北海道 伊達市 32,826
76%
北海道 夕張市 7,334
76%
北海道 恵庭市 70,331
75%
福島県 南相馬市 59,005
75%
北海道 北斗市 44,302
75%
北海道 網走市 35,759
75%
福島県 相馬市 34,865
75%
山形県 新庄市 34,432
75%
北海道 富良野市 21,131
75%
北海道 岩見沢市 79,306
74%
秋田県 大館市 69,237
74%
青森県 五所川原市 51,415
74%
秋田県 北秋田市 30,198
73%
北海道 歌志内市 2,989
73%
宮城県 登米市 76,037
72%
青森県 十和田市 60,378
72%
福島県 白河市 59,491
72%
岩手県 二戸市 25,513
72%
秋田県 男鹿市 25,154
72%
北海道 紋別市 21,215
71%
北海道 留萌市 20,114
71%
北海道 名寄市 27,282
70%
福島県 須賀川市 74,992
68%
岩手県 大船渡市 34,728
68%
北海道 滝川市 39,490
67%
岩手県 宮古市 50,369
66%
宮城県 白石市 32,758
66%
青森県 つがる市 30,934
66%
北海道 砂川市 16,486
66%
福島県 二本松市 53,557
65%
山形県 東根市 47,682
65%
岩手県 久慈市 33,043
65%
岩手県 釜石市 32,078
65%
秋田県 仙北市 24,610
65%
岩手県 陸前高田市 18,262
65%
宮城県 栗原市 64,637
64%
宮城県 塩竈市 52,203
64%
秋田県 能代市 49,968
63%
北海道 登別市 46,391
63%
北海道 三笠市 8,040
63%
宮城県 多賀城市 62,827
62%
福島県 喜多方市 44,760
62%
北海道 士別市 17,858
62%
宮城県 東松島市 39,098
60%
北海道 深川市 20,039
60%
宮城県 岩沼市 44,068
59%
青森県 黒石市 31,946
59%
青森県 三沢市 39,152
58%
山形県 村山市 22,516
58%
山形県 尾花沢市 14,971
58%
北海道 赤平市 9,698
58%
山形県 寒河江市 40,189
57%
山形県 上山市 29,110
56%
岩手県 八幡平市 24,023
56%
秋田県 にかほ市 23,435
55%
秋田県 湯沢市 42,091
54%
北海道 美唄市 20,413
54%
岩手県 遠野市 25,366
51%
岩手県 滝沢市 55,579
50%
青森県 平川市 30,567
49%
秋田県 鹿角市 29,088
46%
山形県 長井市 26,543
46%
北海道 芦別市 12,555
46%
福島県 本宮市 30,236
44%
宮城県 角田市 27,976
44%
山形県 南陽市 30,420
43%
宮城県 富谷市 51,651
42%
福島県 田村市 35,169
42%
秋田県 潟上市 31,720
42%
No matching quizzes found
Score Distribution
Percent of People with Each Score
Percentile by Number Answered
Your Score History
You have not taken this quiz